MARC

LEADER 00000nam0a2200000 4500
001 363221
005 20231102011552.0
035 |a (RuTPU)RU\TPU\retro\20568 
090 |a 363221 
100 |a 20210922d1980 km y0rusy50 ca 
101 0 |a rus 
102 |a RU 
105 |a a z 000zy 
200 1 |a Пожарная опасность коротких замыканий  |f А. С. Забиров 
210 |a Москва  |c Стройиздат  |d 1980 
215 |a 137 с.  |c ил. 
606 1 |a Короткие замыкания  |x Пожарная опасность  |2 stltpush  |3 (RuTPU)RU\TPU\subj\15719  |9 41931 
610 1 |a токи короткого замыкания 
610 1 |a методы 
610 1 |a расчеты 
610 1 |a симметричные короткие замыкания 
610 1 |a распределительные сети 
610 1 |a несимметричные короткие замыкания 
610 1 |a профилактика 
610 1 |a пожары 
675 |a 614.841  |v 4 
700 1 |a Забиров  |b А. С.  |g Асхат Саяфетдинови 
801 1 |a RU  |b 63413507  |c 20210922 
801 2 |a RU  |b 63413507  |c 20210922  |g RCR 
942 |c BK